[Event "Manhem IM Swiss"]
[Site "Goteborg"]
[Date "1998.08.12"]
[Round "4"]
[White "Berg, Emanuel"]
[Black "Mossakowski, Florian"]
[Result "1-0"]
[WhiteElo "2380"]
[BlackElo "2215"]
[PlyCount "97"]
[EventDate "1998.08.10"]
[EventType "swiss"]

1. e4 c5 2. Nf3 Nc6 3. d4 cxd4 4. Nxd4 Nf6 5. Nc3 d6 6. Be3 Ng4 7. Bb5 Nxe3 8.
fxe3 Bd7 9. O-O e6 10. Bxc6 bxc6 11. e5 Be7 12. exd6 Bxd6 13. Qh5 O-O 14. Rad1
Qe7 15. Ne4 Bc7 16. Nf3 f5 17. Neg5 g6 18. Qxh7+ Qxh7 19. Nxh7 Rf7 20. Nfg5 Rd8
21. Nxf7 Kxf7 22. Ng5+ Ke7 23. Kf2 c5 24. c4 Rb8 25. Rd2 Bc6 26. Rfd1 Be5 27.
Nf3 Bf6 28. Ne1 Bxb2 29. Rb1 Be5 30. Rxb8 Bxb8 31. Nd3 Bd6 32. Nf4 Be8 33. Rb2
a5 34. Rb7+ Kf6 35. Ra7 Bf7 36. h4 e5 37. Ra6 exf4 38. Rxd6+ Ke7 39. Ra6 fxe3+
40. Kxe3 Bxc4 41. Rxa5 Kd6 42. Kf4 Be2 43. Kg5 Bh5 44. Ra3 c4 45. Rc3 Kc5 46.
a4 Kb4 47. Rc1 f4 48. a5 Be2 49. a6 1-0

[Event "Manhem IM Swiss"]
[Site "Goteborg"]
[Date "1998.08.12"]
[Round "4"]
[White "Moberg, Karl Johan"]
[Black "Jepson, Christian"]
[Result "1/2-1/2"]
[WhiteElo "2320"]
[BlackElo "2365"]
[PlyCount "89"]
[EventDate "1998.08.10"]
[EventType "swiss"]

1. e4 c5 2. Nf3 Nc6 3. d4 cxd4 4. Nxd4 g6 5. c4 Bg7 6. Be3 Nf6 7. Nc3 d6 8. Be2
O-O 9. O-O Bd7 10. Rc1 Nxd4 11. Bxd4 Bc6 12. f3 a5 13. Qd2 Nd7 14. Bxg7 Kxg7
15. b3 Nc5 16. Rb1 Qb6 17. Kh1 Rfc8 18. Qd4+ Kg8 19. f4 Na4 20. Qxb6 Nxb6 21.
Bg4 Bd7 22. Nd5 Nxd5 23. Bxd7 Rc7 24. cxd5 Rxd7 25. Rbc1 Re8 26. Rfd1 e5 27.
dxe6 Rxe6 28. e5 g5 29. g3 gxf4 30. gxf4 f6 31. exd6 Rexd6 32. Rxd6 Rxd6 33.
Rc7 Rd1+ 34. Kg2 Rd2+ 35. Kg3 Rxa2 36. Rxb7 a4 37. bxa4 Rxa4 38. Kg4 Ra5 39. h4
h5+ 40. Kf3 Ra3+ 41. Ke4 Rh3 42. Kf5 Rxh4 43. Rb6 Kg7 44. Rb7+ Kg8 45. Rb6
1/2-1/2

[Event "Manhem IM Swiss"]
[Site "Goteborg"]
[Date "1998.08.12"]
[Round "4"]
[White "Hjelm, Niclas"]
[Black "Polej, Vladimir"]
[Result "0-1"]
[WhiteElo "2315"]
[BlackElo "2370"]
[PlyCount "76"]
[EventDate "1998.08.10"]
[EventType "swiss"]

1. d4 Nf6 2. Nf3 g6 3. Bg5 Bg7 4. Nbd2 d5 5. c3 O-O 6. e3 Nbd7 7. Be2 c5 8. O-O
b6 9. a4 Bb7 10. a5 Ne8 11. Qa4 f6 12. a6 Bc8 13. Bh4 Nc7 14. e4 c4 15. exd5 b5
16. Qa5 Nb6 17. b3 cxb3 18. Bxb5 b2 19. Ra2 Qxd5 20. c4 Qh5 21. c5 Nxb5 22.
cxb6 axb6 23. Qxb6 Qd5 24. Rxb2 Bxa6 25. Re1 g5 26. Bg3 g4 27. Nh4 Nxd4 28.
Rxe7 f5 29. Rxg7+ Kxg7 30. Qc7+ Kg8 31. Be5 Ne6 32. Qd6 Rfd8 33. Qxd5 Rxd5 34.
f4 Rad8 35. Rb6 Nc5 36. Nxf5 Rxd2 37. Rf6 Rd1+ 38. Kf2 Ne4+ 0-1

[Event "Manhem IM Swiss"]
[Site "Goteborg"]
[Date "1998.08.12"]
[Round "4"]
[White "Hedman, Erik"]
[Black "Bekker-Jensen, David"]
[Result "1-0"]
[WhiteElo "2315"]
[BlackElo "2255"]
[PlyCount "63"]
[EventDate "1998.08.10"]
[EventType "swiss"]

1. e4 c5 2. Nf3 d6 3. d4 Nf6 4. Nc3 cxd4 5. Nxd4 a6 6. Be2 e5 7. Nb3 Be7 8. O-O
O-O 9. Kh1 b6 10. Bg5 Nbd7 11. Nd5 Bb7 12. Nxe7+ Qxe7 13. f3 h6 14. Bh4 g5 15.
Bf2 d5 16. exd5 Nxd5 17. Re1 Rfd8 18. Qd3 Qf6 19. Qe4 Rab8 20. Bxa6 Bxa6 21.
Qxd5 Bb7 22. Qc4 e4 23. Bd4 Qg6 24. fxe4 Bxe4 25. c3 Nc5 26. Nxc5 bxc5 27. Be5
Bd3 28. Qxc5 Rxb2 29. Rad1 Re8 30. Qd5 Bb5 31. c4 Bc6 32. Bxb2 1-0

[Event "Manhem IM Swiss"]
[Site "Goteborg"]
[Date "1998.08.12"]
[Round "4"]
[White "Hultin, Johan"]
[Black "Rundqvist, Patrick"]
[Result "1-0"]
[WhiteElo "2300"]
[BlackElo "2175"]
[PlyCount "80"]
[EventDate "1998.08.10"]
[EventType "swiss"]

1. d4 d5 2. c4 e6 3. Nc3 f5 4. Nf3 Nf6 5. Bg5 c6 6. e3 Be7 7. Bd3 Ne4 8. Bxe7
Qxe7 9. Qc2 Nd7 10. O-O-O O-O 11. Kb1 Qb4 12. Rc1 Nxc3+ 13. Qxc3 Qxc3 14. Rxc3
Nf6 15. Ne5 Nd7 16. Nf3 Nf6 17. Rb3 Ne4 18. Rf1 b6 19. Ra3 Bb7 20. b4 a6 21.
Ka1 b5 22. cxd5 exd5 23. Bxe4 fxe4 24. Ne5 Rad8 25. f4 Rd6 26. h4 Ra8 27. Rc1
Kf8 28. Kb2 Ke7 29. Kc3 Rf6 30. Kd2 Kd6 31. Ke2 Kc7 32. Kf2 Rd6 33. g4 Kb6 34.
Kg3 a5 35. bxa5+ Rxa5 36. Rxa5 Kxa5 37. f5 Kb6 38. g5 Rd8 39. f6 gxf6 40. gxf6
Kc7 1-0

[Event "Manhem IM Swiss"]
[Site "Goteborg"]
[Date "1998.08.12"]
[Round "4"]
[White "Akesson, Joel"]
[Black "Olausson, Claes-Goran"]
[Result "1/2-1/2"]
[WhiteElo "2275"]
[BlackElo "2255"]
[PlyCount "28"]
[EventDate "1998.08.10"]
[EventType "swiss"]

1. d4 d5 2. c4 c6 3. Nc3 Nf6 4. e3 a6 5. Bd3 b5 6. b3 Bg4 7. Nge2 Bh5 8. O-O
Nbd7 9. f3 Bg6 10. Nf4 Bxd3 11. Qxd3 e6 12. a4 bxc4 13. bxc4 Bd6 14. Ba3 Bxa3
1/2-1/2

[Event "Manhem IM Swiss"]
[Site "Goteborg"]
[Date "1998.08.12"]
[Round "4"]
[White "Welin, Mats"]
[Black "Elsness, Frode"]
[Result "0-1"]
[WhiteElo "2235"]
[BlackElo "2350"]
[PlyCount "41"]
[EventDate "1998.08.10"]
[EventType "swiss"]

1. e4 c5 2. Nf3 d6 3. d4 cxd4 4. Nxd4 Nf6 5. Nc3 a6 6. Be2 e6 7. O-O Be7 8. Kh1
O-O 9. f4 Qc7 10. a4 Rd8 11. Qe1 b6 12. Qg3 Bb7 13. Bd3 Nbd7 14. Be3 Nc5 15. e5
Nfe4 16. Nxe4 Nxe4 17. Qg4 dxe5 18. fxe5 Qxe5 19. Nf3 Ng3+ 20. Qxg3 Qxe3 21.
Bxh7+ 0-1

[Event "Manhem IM Swiss"]
[Site "Goteborg"]
[Date "1998.08.13"]
[Round "5"]
[White "Pribyl, Josef"]
[Black "Moberg, Karl Johan"]
[Result "1/2-1/2"]
[WhiteElo "2430"]
[BlackElo "2320"]
[PlyCount "25"]
[EventDate "1998.08.10"]
[EventType "swiss"]

1. c4 e5 2. Nc3 Bb4 3. Nd5 Be7 4. d4 d6 5. Nf3 e4 6. Nd2 f5 7. e3 Nf6 8. Nxf6+
Bxf6 9. g4 O-O 10. Bg2 Qe7 11. Qc2 Re8 12. Qb3 c5 13. d5 1/2-1/2

[Event "Manhem IM Swiss"]
[Site "Goteborg"]
[Date "1998.08.13"]
[Round "5"]
[White "Hutters, Thomas"]
[Black "Westerinen, Heikki"]
[Result "0-1"]
[WhiteElo "2410"]
[BlackElo "2435"]
[PlyCount "86"]
[EventDate "1998.08.10"]
[EventType "swiss"]

1. c4 e5 2. Nc3 Nc6 3. g3 g6 4. Bg2 Bg7 5. Rb1 Nf6 6. e4 O-O 7. d3 Nd4 8. Nge2
Nxe2 9. Qxe2 d6 10. O-O c6 11. f4 exf4 12. gxf4 Ng4 13. Qe1 f5 14. Kh1 Be6 15.
Bf3 Qd7 16. b3 Rae8 17. Ne2 fxe4 18. dxe4 d5 19. cxd5 cxd5 20. e5 Bf5 21. Ba3
Bxb1 22. Bxf8 Be4 23. Bxg7 Qxg7 24. Bxe4 dxe4 25. Qg3 Qd7 26. Nc3 e3 27. Kg1
Qd3 28. Qxg4 Qxc3 29. Qd7 Rf8 30. Qd5+ Kh8 31. Qf3 Qd2 32. Qd1 Qxa2 33. e6 Qd2
34. Qxd2 exd2 35. Rd1 Rd8 36. Kf2 Kg7 37. e7 Re8 38. Rxd2 Rxe7 39. Kf3 Kf6 40.
Rd6+ Kf7 41. Rd5 Rc7 42. Rd6 Rc3+ 43. Kg4 Ke7 0-1

[Event "Manhem IM Swiss"]
[Site "Goteborg"]
[Date "1998.08.13"]
[Round "5"]
[White "Polej, Vladimir"]
[Black "Jepson, Christian"]
[Result "1/2-1/2"]
[WhiteElo "2370"]
[BlackElo "2365"]
[PlyCount "48"]
[EventDate "1998.08.10"]
[EventType "swiss"]

1. Nf3 d5 2. g3 Nc6 3. d4 Bf5 4. Bg2 Nb4 5. Na3 e6 6. O-O Nf6 7. c3 Nc6 8. b4
Be4 9. b5 Na5 10. Qa4 b6 11. Bg5 Be7 12. Nb1 Bxb1 13. Bxf6 Bxf6 14. Raxb1 O-O
15. Nd2 a6 16. e4 Qd7 17. h4 Rfb8 18. Rfe1 h6 19. Re2 axb5 20. Qxb5 Qxb5 21.
Rxb5 c6 22. Rb1 b5 23. f4 b4 24. Rxb4 Rxb4 1/2-1/2

[Event "Manhem IM Swiss"]
[Site "Goteborg"]
[Date "1998.08.13"]
[Round "5"]
[White "Elsness, Frode"]
[Black "Hausner, Ivan"]
[Result "1/2-1/2"]
[WhiteElo "2350"]
[BlackElo "2405"]
[PlyCount "48"]
[EventDate "1998.08.10"]
[EventType "swiss"]

1. d4 d6 2. c4 e5 3. Nf3 exd4 4. Nxd4 g6 5. Nc3 Bg7 6. e4 Nf6 7. Be2 O-O 8. O-O
Re8 9. f3 c6 10. Kh1 Nh5 11. g4 Nf6 12. Be3 h5 13. g5 Nh7 14. Rg1 Nd7 15. Qd2
a5 16. Rad1 a4 17. Nc2 Qa5 18. Qxd6 Bxc3 19. bxc3 Qxc3 20. Qd2 Qxd2 21. Rxd2
Nhf8 22. Rgd1 Ne5 23. Bf4 Bh3 24. Kg1 Kg7 1/2-1/2

[Event "Manhem IM Swiss"]
[Site "Goteborg"]
[Date "1998.08.13"]
[Round "5"]
[White "Hultin, Johan"]
[Black "Berg, Emanuel"]
[Result "1-0"]
[WhiteElo "2300"]
[BlackElo "2380"]
[PlyCount "75"]
[EventDate "1998.08.10"]
[EventType "swiss"]

1. d4 f5 2. Nc3 d5 3. Bf4 c6 4. e3 Nf6 5. Bd3 e6 6. Nf3 Be7 7. O-O O-O 8. Ne2
Nbd7 9. c4 Ne4 10. Ne5 g5 11. Nxd7 Bxd7 12. Be5 Nd6 13. Qc2 b6 14. f3 Nf7 15.
Bg3 h5 16. e4 h4 17. Bf2 Nd6 18. Rae1 Rc8 19. cxd5 cxd5 20. Nc3 dxe4 21. fxe4
Nxe4 22. Bxe4 fxe4 23. Qxe4 Kg7 24. d5 e5 25. Qxe5+ Bf6 26. Qe2 Bf5 27. Qd2 Rc4
28. Be3 Kg6 29. d6 Be5 30. Qd5 Bxc3 31. bxc3 Rg4 32. Bd4 h3 33. g3 Qa8 34. Rxf5
Rxd4 35. Rxg5+ Kh7 36. Re7+ Kh6 37. Rh5+ Kg6 38. Qg5# 1-0

[Event "Manhem IM Swiss"]
[Site "Goteborg"]
[Date "1998.08.13"]
[Round "5"]
[White "Olausson, Claes-Goran"]
[Black "Hedman, Erik"]
[Result "0-1"]
[WhiteElo "2255"]
[BlackElo "2315"]
[PlyCount "48"]
[EventDate "1998.08.10"]
[EventType "swiss"]

1. e4 c5 2. Nf3 d6 3. Bb5+ Nd7 4. O-O a6 5. Bxd7+ Bxd7 6. d4 cxd4 7. Qxd4 Nf6
8. Bg5 Ng4 9. Nc3 f6 10. Bd2 e6 11. Ne1 Qc7 12. f4 d5 13. Nd3 Qc4 14. Qb6 dxe4
15. b3 Qc6 16. Qxc6 Bxc6 17. h3 exd3 18. hxg4 O-O-O 19. Be3 Ba3 20. Bb6 Bb2 21.
Bxd8 Rxd8 22. Rad1 dxc2 23. Rxd8+ Kxd8 24. Ne2 Bb5 0-1

[Event "Manhem IM Swiss"]
[Site "Goteborg"]
[Date "1998.08.13"]
[Round "5"]
[White "Bekker-Jensen, David"]
[Black "Akesson, Joel"]
[Result "1/2-1/2"]
[WhiteElo "2255"]
[BlackElo "2275"]
[PlyCount "54"]
[EventDate "1998.08.10"]
[EventType "swiss"]

1. d4 d5 2. c4 c6 3. Nf3 Nf6 4. Nc3 e6 5. Bg5 dxc4 6. e4 b5 7. e5 h6 8. Bh4 g5
9. Nxg5 hxg5 10. Bxg5 Nbd7 11. g3 Bb7 12. Bg2 Qb6 13. exf6 O-O-O 14. O-O c5 15.
d5 b4 16. Rb1 Qa6 17. dxe6 Bxg2 18. e7 Bxf1 19. Qd5 Bh6 20. Bxh6 Bd3 21.
exd8=Q+ Rxd8 22. Ne4 Bxb1 23. Nd6+ Kc7 24. Bf4 Kb6 25. Nxc4+ Kb5 26. Nd6+ Kb6
27. Nc4+ Kb5 1/2-1/2

[Event "Manhem IM Swiss"]
[Site "Goteborg"]
[Date "1998.08.13"]
[Round "5"]
[White "Livner, Anders"]
[Black "Bekker-Jensen, Simon"]
[Result "0-1"]
[WhiteElo "2230"]
[BlackElo "2260"]
[PlyCount "74"]
[EventDate "1998.08.10"]
[EventType "swiss"]

1. d4 Nf6 2. Nf3 g6 3. c4 Bg7 4. g3 O-O 5. Bg2 d6 6. Nc3 c6 7. O-O Na6 8. e4 e5
9. h3 Qb6 10. dxe5 dxe5 11. Nxe5 Nxe4 12. Nxe4 Bxe5 13. Rb1 Bf5 14. Bg5 Bxe4
15. Bxe4 Bxg3 16. Kg2 Be5 17. f4 Bg7 18. f5 f6 19. Bh4 Rfe8 20. Qg4 g5 21. Bxg5
h5 22. Qf3 Qd4 23. Bc2 fxg5 24. f6 Qxf6 25. Qxf6 Bxf6 26. Rxf6 Re2+ 27. Rf2
Rxf2+ 28. Kxf2 Kg7 29. b4 Rf8+ 30. Ke3 Rf4 31. Be4 Rh4 32. Kd4 b6 33. Rg1 Kf6
34. Rf1+ Ke6 35. a3 c5+ 36. Ke3 Rxh3+ 37. Kd2 Rxa3 0-1

[Event "Manhem IM Swiss"]
[Site "Goteborg"]
[Date "1998.08.13"]
[Round "5"]
[White "Mossakowski, Florian"]
[Black "Hjelm, Niclas"]
[Result "1-0"]
[WhiteElo "2215"]
[BlackElo "2315"]
[PlyCount "89"]
[EventDate "1998.08.10"]
[EventType "swiss"]

1. e4 c5 2. Nf3 Nc6 3. d4 cxd4 4. Nxd4 Qc7 5. Nb5 Qb8 6. c4 Nf6 7. N5c3 e6 8.
Be2 Bc5 9. O-O h5 10. a3 a5 11. Nd2 Nd4 12. Nf3 Nxf3+ 13. Bxf3 Qe5 14. Nb5 Kf8
15. Bd2 Nxe4 16. Qe1 d5 17. Bxa5 b6 18. Bc3 Qf4 19. Bxe4 dxe4 20. b4 Be7 21.
Bd4 Bb7 22. Qe3 Qg4 23. h3 Qf5 24. Bxb6 Rc8 25. Bc5 Bxc5 26. bxc5 Qxc5 27. Rfd1
Qxe3 28. fxe3 Ke7 29. Nd6 Rc7 30. c5 Bd5 31. Rac1 Ra8 32. Rc3 Ra5 33. Rdc1 g5
34. g3 f5 35. Kf2 Ra8 36. h4 gxh4 37. gxh4 Rxc5 38. Nxf5+ exf5 39. Rxc5 Kd6 40.
R5c3 Rf8 41. Rg1 f4 42. Rg6+ Kd7 43. Rg5 Kd6 44. exf4 Rxf4+ 45. Kg3 1-0

[Event "Manhem IM Swiss"]
[Site "Goteborg"]
[Date "1998.08.13"]
[Round "5"]
[White "Rundqvist, Patrick"]
[Black "Welin, Mats"]
[Result "1-0"]
[WhiteElo "2175"]
[BlackElo "2235"]
[PlyCount "81"]
[EventDate "1998.08.10"]
[EventType "swiss"]

1. e4 e5 2. Nf3 Nc6 3. Bc4 Bc5 4. c3 Nf6 5. d3 d6 6. h3 a6 7. Bb3 O-O 8. Nbd2
Ba7 9. g4 Be6 10. Bc2 h5 11. Nh2 hxg4 12. hxg4 g6 13. Ndf1 Nh7 14. Be3 Qf6 15.
Qd2 d5 16. Bxa7 Rxa7 17. Ng3 Qf4 18. O-O-O Qxd2+ 19. Rxd2 Ng5 20. d4 exd4 21.
cxd4 Nb4 22. e5 f5 23. gxf5 gxf5 24. f4 Ne4 25. Rg2 Kf7 26. Nf3 Ke7 27. Rh7+
Kd8 28. Ng5 Nxg5 29. fxg5 f4 30. Rf2 Nxc2 31. Kxc2 Ke8 32. Rh6 Bf7 33. Nh5 Bxh5
34. Rxh5 a5 35. Rh7 Rf7 36. g6 Rf8 37. Rxc7 Ra6 38. g7 Rg8 39. Rc8+ Kf7 40.
Rxf4+ Kxg7 41. Rg4+ 1-0

[Event "Manhem IM Swiss"]
[Site "Goteborg"]
[Date "1998.08.14"]
[Round "6"]
[White "Westerinen, Heikki"]
[Black "Hedman, Erik"]
[Result "1-0"]
[WhiteElo "2435"]
[BlackElo "2315"]
[PlyCount "145"]
[EventDate "1998.08.10"]
[EventType "swiss"]

1. e4 c5 2. Nf3 d6 3. c3 Nf6 4. h3 Nbd7 5. Bd3 b6 6. O-O Bb7 7. Re1 e6 8. Bc2
Be7 9. d4 Rc8 10. Nbd2 cxd4 11. cxd4 O-O 12. Bd3 Rc7 13. b3 Nb8 14. Qe2 a5 15.
Bb2 d5 16. e5 Ne8 17. Rac1 Qc8 18. Qe3 Ba6 19. Bb1 Qd8 20. Qf4 Rxc1 21. Rxc1 f5
22. exf6 gxf6 23. Nf1 f5 24. Ng3 Nd7 25. h4 Qb8 26. Qe3 Ng7 27. Nxf5 Nxf5 28.
Qxe6+ Rf7 29. Bxf5 Nf8 30. Qe3 Qd6 31. Bc8 Bb5 32. Ng5 Rf4 33. g3 Bxg5 34. hxg5
Re4 35. Qf3 Qe7 36. Qf5 Be8 37. Bc3 Bf7 38. Kg2 Ng6 39. Qf6 Re2 40. Qxe7 Nxe7
41. Bb7 Rxa2 42. b4 Nf5 43. bxa5 bxa5 44. Ba6 Nd6 45. Ra1 Rxa1 46. Bxa1 Ne4 47.
f4 Nd6 48. Bc3 a4 49. Bb4 Nf5 50. Bb5 Nxd4 51. Bxa4 Bg6 52. Kf2 Kf7 53. Bc3 Bc2
54. Bd7 Bf5 55. Bxf5 Nxf5 56. Be5 Kg6 57. g4 Ne7 58. Bf6 Nc6 59. f5+ Kf7 60.
Bb2 Ke7 61. Ke3 Kf7 62. Kf4 Nb4 63. Ke3 Nc6 64. Kd3 Ke7 65. Kc2 Kf7 66. Kb3 Ke8
67. Ka4 d4 68. Kb3 Ne5 69. Bxd4 Nxg4 70. Kc4 h5 71. Kd5 h4 72. Ke6 h3 73. f6
1-0

[Event "Manhem IM Swiss"]
[Site "Goteborg"]
[Date "1998.08.14"]
[Round "6"]
[White "Berg, Emanuel"]
[Black "Rundqvist, Patrick"]
[Result "1-0"]
[WhiteElo "2380"]
[BlackElo "2175"]
[PlyCount "53"]
[EventDate "1998.08.10"]
[EventType "swiss"]

1. e4 e5 2. Nf3 Nc6 3. Nc3 Nf6 4. g3 Bc5 5. Bg2 d6 6. O-O O-O 7. h3 a6 8. d3 h6
9. Qe1 Ne7 10. Nh4 c6 11. Kh1 g5 12. Nf3 Nh7 13. h4 Ng6 14. Qd2 Bg4 15. hxg5
Bxf3 16. Bxf3 Qd7 17. Kg2 hxg5 18. Qe2 Rad8 19. Bg4 Qe7 20. Bf5 Kg7 21. Rh1 Rh8
22. Bd2 Rdg8 23. Rh5 f6 24. Bxg6 Kxg6 25. Rah1 Qg7 26. Qg4 Nf8 27. Rxg5+ 1-0

[Event "Manhem IM Swiss"]
[Site "Goteborg"]
[Date "1998.08.14"]
[Round "6"]
[White "Polej, Vladimir"]
[Black "Elsness, Frode"]
[Result "1-0"]
[WhiteElo "2370"]
[BlackElo "2350"]
[PlyCount "115"]
[EventDate "1998.08.10"]
[EventType "swiss"]

1. Nf3 g6 2. d4 Nf6 3. g3 Bg7 4. Bg2 O-O 5. O-O d5 6. Nbd2 Na6 7. Ne5 c5 8. e3
Be6 9. a4 Qc8 10. Re1 Bh3 11. Bh1 Nb4 12. c3 Nc6 13. Nd3 cxd4 14. exd4 Rd8 15.
Nf4 Bf5 16. h4 h5 17. Nf1 Be4 18. f3 Bf5 19. Bg2 Qd7 20. Ne3 Rac8 21. Nxf5 gxf5
22. Nd3 Nh7 23. Nc5 Qc7 24. Bf4 e5 25. dxe5 Nxe5 26. Nb3 Qb6+ 27. Be3 Qg6 28.
Bxa7 d4 29. Bxd4 Qxg3 30. Qe2 Ng6 31. Bf2 Qc7 32. Qb5 Qf4 33. Nd4 Be5 34. Kf1
Qh2 35. Bg1 Qf4 36. Bf2 Qh2 37. Ne2 Re8 38. f4 Nxf4 39. Nxf4 Qxf4 40. Bxb7 Rb8
41. a5 Nf6 42. Ra4 Ne4 43. Raxe4 fxe4 44. Rxe4 Qh2 45. Re3 Re6 46. Qd5 Rf6 47.
Re2 Qh3+ 48. Ke1 Qf5 49. Qg2+ Rg6 50. Qe4 Qd7 51. Bd5 Bxc3+ 52. bxc3 Rd6 53. c4
Re6 54. Qg2+ Kh7 55. Rxe6 Rb1+ 56. Ke2 Rb2+ 57. Kf1 Rb1+ 58. Be1 1-0

[Event "Manhem IM Swiss"]
[Site "Goteborg"]
[Date "1998.08.14"]
[Round "6"]
[White "Jepson, Christian"]
[Black "Pribyl, Josef"]
[Result "1/2-1/2"]
[WhiteElo "2365"]
[BlackElo "2430"]
[PlyCount "30"]
[EventDate "1998.08.10"]
[EventType "swiss"]

1. e4 d6 2. d4 Nf6 3. Nc3 g6 4. Nge2 Bg7 5. g3 O-O 6. Bg2 e5 7. h3 c6 8. a4 Qe7
9. O-O b6 10. Be3 Bb7 11. g4 Nbd7 12. a5 Rfd8 13. Re1 Ne8 14. d5 c5 15. Ng3 Nc7
1/2-1/2

[Event "Manhem IM Swiss"]
[Site "Goteborg"]
[Date "1998.08.14"]
[Round "6"]
[White "Moberg, Karl Johan"]
[Black "Hausner, Ivan"]
[Result "0-1"]
[WhiteElo "2320"]
[BlackElo "2405"]
[PlyCount "76"]
[EventDate "1998.08.10"]
[EventType "swiss"]

1. e4 e6 2. d4 d5 3. Nd2 Be7 4. Bd3 c5 5. dxc5 Nf6 6. Qe2 Nc6 7. Ngf3 Bxc5 8.
O-O O-O 9. a3 a5 10. c4 dxe4 11. Nxe4 Nxe4 12. Bxe4 h6 13. Be3 Bxe3 14. Qxe3 a4
15. Rfd1 Qc7 16. Qc5 Ra5 17. Bh7+ Kxh7 18. Qxf8 e5 19. Rd5 Be6 20. Rxa5 Nxa5
21. c5 Nb3 22. Re1 e4 23. Rxe4 Nxc5 24. Re3 Nd3 25. h3 Qc1+ 26. Kh2 Nxf2 27.
Rxe6 fxe6 28. Qf7 Qh1+ 29. Kg3 Ne4+ 30. Kf4 Nf6 31. Kg3 e5 32. Qe6 Ne4+ 33. Kh4
Qxg2 34. Qf5+ Qg6 35. Qxg6+ Kxg6 36. Nxe5+ Kf5 37. Nc4 g6 38. Na5 Kf4 0-1

[Event "Manhem IM Swiss"]
[Site "Goteborg"]
[Date "1998.08.14"]
[Round "6"]
[White "Akesson, Joel"]
[Black "Hutters, Thomas"]
[Result "0-1"]
[WhiteElo "2275"]
[BlackElo "2410"]
[PlyCount "207"]
[EventDate "1998.08.10"]
[EventType "swiss"]

1. d4 g6 2. c4 Bg7 3. e4 d6 4. Nc3 Nf6 5. f4 O-O 6. Nf3 Na6 7. e5 Nd7 8. Qe2 c5
9. d5 Nc7 10. a4 Re8 11. Kf2 Nf8 12. Be3 Bg4 13. Rd1 Nd7 14. exd6 exd6 15. h3
Bxc3 16. hxg4 Nf6 17. Kg3 Ne4+ 18. Kh2 Qd7 19. Qc2 Nf6 20. Bxc5 dxc5 21. Qxc3
Ne4 22. Qe3 Qxg4 23. Kg1 Ng3 24. Rh4 Qxh4 25. Qxe8+ Nxe8 26. Nxh4 Nd6 27. Bd3
Re8 28. Rd2 Nh5 29. f5 g5 30. Nf3 h6 31. Kf2 Kg7 32. g3 Nf6 33. Re2 Ng4+ 34.
Kf1 Rxe2 35. Kxe2 Kf6 36. Nd2 Ne5 37. b3 b6 38. Ne4+ Nxe4 39. Bxe4 Nd7 40. Ke3
Ke5 41. g4 Nf6 42. Bf3 Ne8 43. Bd1 Ng7 44. Bc2 h5 45. gxh5 Nxh5 46. Kf3 Nf6 47.
Ke3 Ng8 48. Kf3 Nh6 49. Kg3 a5 50. Kf3 Nxf5 51. Bxf5 Kxf5 52. Kf2 Ke5 53. Kf3
f5 54. Kg3 g4 55. Kf2 f4 56. Kg2 f3+ 57. Kf2 Kf4 58. d6 g3+ 59. Kf1 Ke3 60. d7
g2+ 61. Kg1 f2+ 62. Kxg2 Ke2 63. d8=Q f1=Q+ 64. Kg3 Qf3+ 65. Kh4 Qxb3 66. Kg5
Qe3+ 67. Kh5 Qe6 68. Qd5 Qe8+ 69. Kg5 Qxa4 70. Qe6+ Kd3 71. Qxb6 Kxc4 72. Qe6+
Kb4 73. Qe1+ Kc4 74. Qe4+ Kb3 75. Qb1+ Kc3 76. Qc1+ Qc2 77. Qa3+ Kd4 78. Qxa5
Qg2+ 79. Kf4 Qe4+ 80. Kg3 c4 81. Kf2 Qe3+ 82. Kf1 Qf3+ 83. Kg1 Kd3 84. Qd8+ Kc2
85. Qh4 Kb3 86. Qe1 Qd3 87. Qe6 Kc2 88. Qc6 c3 89. Qg2+ Kc1 90. Qg5+ Kb1 91.
Qc5 c2 92. Qb4+ Ka2 93. Qa4+ Kb2 94. Qb4+ Qb3 95. Qd4+ Ka2 96. Qf2 Qc4 97. Qa7+
Kb2 98. Qb6+ Kc3 99. Qa5+ Kd3 100. Qa3+ Kd2 101. Qa5+ Qc3 102. Qd5+ Qd3 103.
Qa5+ Kd1 104. Qh5+ 0-1

[Event "Manhem IM Swiss"]
[Site "Goteborg"]
[Date "1998.08.14"]
[Round "6"]
[White "Bekker-Jensen, Simon"]
[Black "Hultin, Johan"]
[Result "1-0"]
[WhiteElo "2260"]
[BlackElo "2300"]
[PlyCount "80"]
[EventDate "1998.08.10"]
[EventType "swiss"]

1. d4 d5 2. c4 c6 3. Nf3 Nf6 4. Nc3 dxc4 5. a4 Bf5 6. e3 e6 7. Bxc4 Bb4 8. O-O
O-O 9. Qe2 Bg6 10. Ne5 Nbd7 11. Nxg6 hxg6 12. Rd1 Qa5 13. Bd2 Rad8 14. Be1 e5
15. dxe5 Nxe5 16. Bb3 Qb6 17. Rxd8 Rxd8 18. Rd1 a5 19. h3 g5 20. f3 Rxd1 21.
Bxd1 Bc5 22. Bf2 g6 23. b3 Kg7 24. Bc2 Qb4 25. Be1 Qa3 26. Bg3 Qc1+ 27. Nd1
Ned7 28. Be1 Nd5 29. Qd2 Qa3 30. Bf2 N7f6 31. e4 Bxf2+ 32. Nxf2 Nb4 33. Bd1 Qa1
34. Qxg5 Qd4 35. Be2 Nh5 36. Qc1 f6 37. Qd1 Nf4 38. Bc4 Qe3 39. Kf1 Nh5 40.
Qd7+ Kh8 1-0

[Event "Manhem IM Swiss"]
[Site "Goteborg"]
[Date "1998.08.14"]
[Round "6"]
[White "Welin, Mats"]
[Black "Mossakowski, Florian"]
[Result "1-0"]
[WhiteElo "2235"]
[BlackElo "2215"]
[PlyCount "97"]
[EventDate "1998.08.10"]
[EventType "swiss"]

1. e4 c5 2. Nf3 Nc6 3. d4 cxd4 4. Nxd4 Nf6 5. Nc3 d6 6. Bc4 e6 7. Bb3 Be7 8. f4
O-O 9. O-O a6 10. Kh1 Bd7 11. f5 Nxd4 12. Qxd4 e5 13. Qd3 Bc6 14. Bg5 Nd7 15.
Bxe7 Qxe7 16. Rad1 Nc5 17. Qe3 Qf6 18. Bd5 a5 19. Rf3 Rfd8 20. Rh3 h6 21. Rh5
Kf8 22. g4 Ke7 23. Kg2 Rh8 24. h4 g5 25. Rxg5 h5 26. gxh5 Nd7 27. Qg3 Rh7 28.
Rf1 Rf8 29. a3 Qh6 30. Rg6 Qxh5 31. f6+ Ke8 32. Rg4 Rh6 33. Rf5 Qxf5 34. exf5
Nxf6 35. Bxc6+ bxc6 36. Rg5 Ke7 37. Qf3 d5 38. Qe3 Nd7 39. Rg4 Rfh8 40. Na4 Kd6
41. Nb6 Nf6 42. Ra4 Rg8+ 43. Kh3 Rh5 44. Rxa5 Ne4 45. Nc4+ Ke7 46. Nxe5 Rxf5
47. Nxc6+ Kf6 48. Qh6+ Rg6 49. Qh8+ 1-0

[Event "Manhem IM Swiss"]
[Site "Goteborg"]
[Date "1998.08.14"]
[Round "6"]
[White "Patsuk, Leonid"]
[Black "Livner, Anders"]
[Result "1-0"]
[WhiteElo "2190"]
[BlackElo "2230"]
[PlyCount "51"]
[EventDate "1998.08.10"]
[EventType "swiss"]

1. e4 c5 2. Nf3 d6 3. d4 cxd4 4. Nxd4 Nf6 5. Nc3 a6 6. Be3 e5 7. Nb3 Be6 8. Be2
Be7 9. O-O O-O 10. f4 exf4 11. Bxf4 Nc6 12. Kh1 Rc8 13. Nd4 Nxd4 14. Qxd4 Rc6
15. Rad1 Qc8 16. Bd3 Bg4 17. Rde1 Qd7 18. Bg5 Rcc8 19. Bxf6 gxf6 20. Nd5 Rcd8
21. Rxf6 Bh5 22. e5 Rfe8 23. Rxd6 Bxd6 24. Nf6+ Kh8 25. Nxd7 Rxd7 26. exd6+ 1-0

[Event "Manhem IM Swiss"]
[Site "Goteborg"]
[Date "1998.08.14"]
[Round "7"]
[White "Pribyl, Josef"]
[Black "Polej, Vladimir"]
[Result "1/2-1/2"]
[WhiteElo "2430"]
[BlackElo "2370"]
[PlyCount "21"]
[EventDate "1998.08.10"]
[EventType "swiss"]

1. e4 g6 2. d4 Bg7 3. Nc3 c6 4. Bc4 d5 5. exd5 b5 6. Bb3 b4 7. Nce2 cxd5 8. Nf3
Nf6 9. Bd2 Qb6 10. a3 bxa3 11. Rxa3 1/2-1/2

[Event "Manhem IM Swiss"]
[Site "Goteborg"]
[Date "1998.08.14"]
[Round "7"]
[White "Elsness, Frode"]
[Black "Berg, Emanuel"]
[Result "1-0"]
[WhiteElo "2350"]
[BlackElo "2380"]
[PlyCount "139"]
[EventDate "1998.08.10"]
[EventType "swiss"]

1. d4 f5 2. g3 g6 3. h4 Bg7 4. h5 c5 5. c3 Qb6 6. Nf3 Nc6 7. d5 Ne5 8. Nxe5
Bxe5 9. Nd2 Bg7 10. e4 Qf6 11. Bg2 Nh6 12. exf5 gxf5 13. Nf3 Nf7 14. Bf4 Qa6
15. Qd2 O-O 16. Qe3 Re8 17. h6 Bf6 18. Ne5 Bxe5 19. Bxe5 d6 20. Bg7 e5 21. Bf3
f4 22. Qe2 Qa4 23. Be4 Bg4 24. b3 Bxe2 25. bxa4 Ng5 26. Kxe2 Nxe4 27. gxf4 exf4
28. Kf3 Nd2+ 29. Kxf4 Re4+ 30. Kg3 Rae8 31. Rh4 Rxh4 32. Kxh4 Kf7 33. Kg3 Re4
34. Rd1 Nc4 35. Rd3 Ne5 36. Bxe5 Rxe5 37. c4 Kg6 38. Rf3 Re7 39. Rf8 Rd7 40.
Kg4 Kxh6 41. Rf6+ Kg7 42. Kg5 Re7 43. Rxd6 Re5+ 44. Kg4 h5+ 45. Kf3 Re1 46. Kf4
h4 47. Re6 Rc1 48. Re4 h3 49. Kg3 Rc3+ 50. f3 Kf6 51. Kxh3 Rxf3+ 52. Kg4 Ra3
53. Re6+ Kf7 54. Kf5 Rxa4 55. d6 Rxc4 56. Re7+ Kf8 57. Rxb7 Ke8 58. Ke6 Re4+
59. Kd5 Rd4+ 60. Kc6 c4 61. Re7+ Kf8 62. Re3 c3 63. Rxc3 Ke8 64. Kc7 Rd2 65.
Re3+ Kf7 66. a3 Rc2+ 67. Kd8 Rd2 68. d7 Rd1 69. Rf3+ Ke6 70. Ke8 1-0